1583 1870 1867 1283 1586 1052 1981 1772 1960 1332 1926 1843 1306 1378 1507 1599 1248 1987 1550 1317 1723 1630 1024 1280 1223 1745 1672 1325 1340 1026 1136 1938 1094 1500 1194 1780 1186 1621 1812 1193 1513 1184 1526 1163 1213 1713 1816 1735 1575 1555 1051 1688 1745 1447 1209 1592 1579 1908 1286 1971 1261 1850 1335 1988 1819 1680 1877 1107 1676 1178 1194 1608 1547 1879 1586 1333 1534 1925 1768 1779 1453 1456 1826 1951 1117 1387 1900 1085 1509 1281 1814 1943 1798 1215 1778 1151 1452 1561 1169 BCNSPRNW ULIB Ver.6.0+V

เปลี่ยนเป็นภาษาไทย

Change to English
 แสดงรายละเอียดบรรณานุกรม
  กลับหน้าหลัก

Brief Record : Get Marc (ISO 2709) : E-mail record : QR code < ปิดหน้าต่าง
LEADER : 00000nam 2200000uu 4500
001    13399113677
003     ULIB
008    110627s2551||||th 000 0 tha d
020    9749335236
090    นว.^bห...ป 2551
100 0  หงษ์หยก
245 00 ปริศนาเคียงดาว/^cหงษ์หยก
250    พิมพ์ครั้งที่ 1
260    กรุงเทพฯ :^bนกฮูก,^c2551
300    359 หน้า
710 1  นกฮูก
945    ^p179^l0^i022003
995    ทศพร
999 ^a ใช้งานได้ทุกระบบ
รายการนี้ยังไม่มีแท็ก
คุณยังไม่ได้ล็อกอิน คุณสามารถมีกิจกรรมร่วมกับเว็บไซต์ได้ แต่ต้องล็อกอินก่อน ::
  ล็อกอิน

รายการสื่อสารสนเทศ

ลำดับที่ ประเภท เลขเรียก/บาร์โค้ด สถานที่ สถานะ
1. นวนิยาย
นวนิยาย
นว. ห...ป 2551 ฉ.1 
  Barcode: 022003
ห้องสมุดวิทยาเขตสวรรค์ประชารักษ์
►นวนิยาย
บนชั้น
  ขอยืม

รายการใกล้เคียง
    ผู้แต่ง [หงษ์หยก]

BibComment


ยังไม่เคยถูกคอมเมนท์

คอมเมนท์ทรัพยากรรายการนี้
  คอมเมนท์: ปริศนาเคียงดาว หง..


 Copyright 2026. Bcnsprnw @Library